| 000 | 00565nam a2200169Ia 4500 | ||
|---|---|---|---|
| 008 | 230907s9999||||xx |||||||||||||| ||und|| | ||
| 082 |
_a621.31 _bAFN |
||
| 100 |
_aMuhammad Afnan Aziz Khan (00000319006) _9116628 |
||
| 245 | 0 | _aState of Charge and State of Health Estimation Using Pseudo Random Binary Sequences and Machine Learning / | |
| 260 |
_aUSPCAS-E, NUST, _bIslamabad : _c2021 |
||
| 300 | _a61 p. | ||
| 520 | _aTH-305 | ||
| 650 |
_aMS-EEP Thesis _9116629 |
||
| 650 |
_aMS Thesis _918721 |
||
| 700 |
_aDr Hassan Abdullah Khalid _928912 |
||
| 942 |
_cTHE _2ddc |
||
| 999 |
_c601983 _d601983 |
||